| 000 | 00758nam a22002057a 4500 | ||
|---|---|---|---|
| 005 | 20100810153131.0 | ||
| 010 | _aENG-99412 | ||
| 020 |
_a9789380060682 _c180.00 |
||
| 035 | _aEN-82944 | ||
| 037 | _bDBAD/PUB | ||
| 082 | _a005.74 | ||
| 100 |
_aPraba, K. S. _910364 |
||
| 245 |
_aFundamentals of database management systems : _bfor under graduate computer science students of Indian universities / _cby K. S. Praba |
||
| 260 |
_aSalem _bM.S.K Publications _c2009 |
||
| 270 | _bSalem | ||
| 300 |
_a105p. _c21cm (pbk) |
||
| 650 |
_aRelational Management _910365 |
||
| 942 |
_2ddc _cEN _h005.74 _mPRA |
||
| 999 |
_c40757 _d40757 |
||